University Home | Library Home | Institutional Repository

The Jewish presence in Palestine. (Record no. 162144)

MARC details
000 -LEADER
fixed length control field 00761cam5a220020500 4500
001 - CONTROL NUMBER
control field tmp15412093
003 - CONTROL NUMBER IDENTIFIER
control field UPRA
005 - DATE AND TIME OF LATEST TRANSACTION
control field 20190826100448.0
008 - FIXED-LENGTH DATA ELEMENTS--GENERAL INFORMATION
fixed length control field 950808s1973 nyu eng u
035 ## - SYSTEM CONTROL NUMBER
System control number (Sirsi) r104308
035 ## - SYSTEM CONTROL NUMBER
System control number (UPRA)tmp15412093
040 ## - CATALOGING SOURCE
Transcribing agency UPRA
100 1# - MAIN ENTRY--PERSONAL NAME
Personal name Kats, Shemu'el.
Linkage A61442.1
245 14 - TITLE STATEMENT
Title The Jewish presence in Palestine.
260 ## - PUBLICATION, DISTRIBUTION, ETC.
Place of publication, distribution, etc. [New York :
Name of publisher, distributor, etc. Bantam Books,
Date of publication, distribution, etc. 1973]
500 ## - GENERAL NOTE
General note Taken from chapter four of the book "Batterground-fact and fantasy in Palestine." This extract reprinted by Israel Academic Committee on the Middle East, in association with the Weizmann Institute of Science.
650 #0 - SUBJECT ADDED ENTRY--TOPICAL TERM
Topical term or geographic name entry element Jewish-Arab relations.
Linkage S4238.1
949 ## - LOCAL PROCESSING INFORMATION (OCLC)
a DS119.7
w lcc
i -148308
m MAIN
t BOOK
l ON-SHELF

No items available.

© 2026 - The University of Zambia Library - Koha v25.11